MARC details
| 000 -LEADER |
| fixed length control field |
02155cam a22004934a 4500 |
| 001 - CONTROL NUMBER |
| control field |
13885502 |
| 003 - CONTROL NUMBER IDENTIFIER |
| control field |
OSt |
| 005 - DATE AND TIME OF LATEST TRANSACTION |
| control field |
20260506091225.0 |
| 008 - FIXED-LENGTH DATA ELEMENTS--GENERAL INFORMATION |
| fixed length control field |
050301s2006 enka b 001 0 eng |
| 010 ## - LIBRARY OF CONGRESS CONTROL NUMBER |
| LC control number |
2005005686 |
| 015 ## - NATIONAL BIBLIOGRAPHY NUMBER |
| National bibliography number |
GBA548417 |
| Source |
bnb |
| 016 7# - NATIONAL BIBLIOGRAPHIC AGENCY CONTROL NUMBER |
| Record control number |
013215377 |
| Source |
Uk |
| 020 ## - INTERNATIONAL STANDARD BOOK NUMBER |
| International Standard Book Number |
0415700744 |
| Qualifying information |
hbk. : alk. paper |
| 020 ## - INTERNATIONAL STANDARD BOOK NUMBER |
| International Standard Book Number |
9780415700740 |
| Qualifying information |
hbk. : alk. paper |
| 020 ## - INTERNATIONAL STANDARD BOOK NUMBER |
| International Standard Book Number |
0415700752 |
| Qualifying information |
pbk. : alk. paper |
| 020 ## - INTERNATIONAL STANDARD BOOK NUMBER |
| International Standard Book Number |
9780415700757 |
| Qualifying information |
pbk. : alk. paper |
| 020 ## - INTERNATIONAL STANDARD BOOK NUMBER |
| International Standard Book Number |
9780415700740 |
| Terms of availability |
(hbk. : alk. paper) |
| 020 ## - INTERNATIONAL STANDARD BOOK NUMBER |
| International Standard Book Number |
9780415700757 |
| Terms of availability |
(pbk. : alk. paper) |
| 035 ## - SYSTEM CONTROL NUMBER |
| System control number |
13885502 |
| 035 ## - SYSTEM CONTROL NUMBER |
| System control number |
(OCoLC)58455832 |
| 040 ## - CATALOGING SOURCE |
| Original cataloging agency |
DLC |
| Transcribing agency |
IRDP |
| Modifying agency |
BAKER |
| -- |
BWKUK |
| -- |
UKM |
| -- |
SYB |
| -- |
IXA |
| -- |
COO |
| -- |
OCLCQ |
| -- |
YDXCP |
| -- |
DLC |
| 042 ## - AUTHENTICATION CODE |
| Authentication code |
pcc |
| 050 00 - LIBRARY OF CONGRESS CALL NUMBER |
| Classification number |
HT166 |
| Item number |
.G684 2006 |
| 082 00 - DEWEY DECIMAL CLASSIFICATION NUMBER |
| Classification number |
307.768 GRA |
| Edition number |
22 |
| 100 1# - MAIN ENTRY--PERSONAL NAME |
| Personal name |
GRANT, JILL |
| 245 10 - TITLE STATEMENT |
| Title |
PLANNING THE GOOD COMMUNITY |
| Remainder of title |
NEW URBANISM THEORY AND PRACTICE |
| Statement of responsibility, etc. |
JILL GRANY |
| 260 ## - PUBLICATION, DISTRIBUTION, ETC. (IMPRINT) |
| Place of publication, distribution, etc. |
LONDON |
| -- |
NEW YORK |
| Name of publisher, distributor, etc. |
ROUYLEDGE |
| Date of publication, distribution, etc. |
2006. |
| 300 ## - PHYSICAL DESCRIPTION |
| Extent |
xxv, 269 p. : |
| Other physical details |
ill. ; |
| Dimensions |
24 cm. |
| 336 ## - CONTENT TYPE |
| Content type term |
text |
| Content type code |
txt |
| Source |
rdacontent |
| 337 ## - MEDIA TYPE |
| Media type term |
unmediated |
| Media type code |
n |
| Source |
rdamedia |
| 338 ## - CARRIER TYPE |
| Carrier type term |
volume |
| Carrier type code |
nc |
| Source |
rdacarrier |
| 440 #4 - SERIES STATEMENT/ADDED ENTRY--TITLE |
| Title |
The RTPI library series |
| 504 ## - BIBLIOGRAPHY, ETC. NOTE |
| Bibliography, etc |
Includes bibliographical references (p. [235]-263) and index. |
| 505 00 - FORMATTED CONTENTS NOTE |
| Title |
New urbanism(s) ascendant -- |
| -- |
Getting to (sub)urbanism -- |
| -- |
Theory in new urbanism -- |
| -- |
New urbanism is born : the American experience -- |
| -- |
Revamping urbanism : the European experience -- |
| -- |
Modernizing urbanism : new urban Asia -- |
| -- |
Colonial urbanism : Canada signs on -- |
| -- |
Reconciling new urbanism's theory and practice -- |
| -- |
The fate of new urbanism. |
| 650 #0 - SUBJECT ADDED ENTRY--TOPICAL TERM |
| Topical term or geographic name as entry element |
City planning. |
| 650 #0 - SUBJECT ADDED ENTRY--TOPICAL TERM |
| Topical term or geographic name as entry element |
Sociology, Urban. |
| 650 #0 - SUBJECT ADDED ENTRY--TOPICAL TERM |
| Topical term or geographic name as entry element |
Cities and towns |
| General subdivision |
Growth. |
| 856 41 - ELECTRONIC LOCATION AND ACCESS |
| Materials specified |
Table of contents |
| Uniform Resource Identifier |
<a href="http://www.loc.gov/catdir/toc/ecip058/2005005686.html">http://www.loc.gov/catdir/toc/ecip058/2005005686.html</a> |
| 856 42 - ELECTRONIC LOCATION AND ACCESS |
| Materials specified |
Publisher description |
| Uniform Resource Identifier |
<a href="http://www.loc.gov/catdir/enhancements/fy0659/2005005686-d.html">http://www.loc.gov/catdir/enhancements/fy0659/2005005686-d.html</a> |
| 906 ## - LOCAL DATA ELEMENT F, LDF (RLIN) |
| a |
7 |
| b |
cbc |
| c |
orignew |
| d |
1 |
| e |
ecip |
| f |
20 |
| g |
y-gencatlg |
| 942 ## - ADDED ENTRY ELEMENTS (KOHA) |
| Source of classification or shelving scheme |
Dewey Decimal Classification |
| Koha item type |
BOOKS |